000 00521nam a2200205 a 4500
001 ASIN0198084560
003 OSt
005 20150408114143.0
008 130927s2013 xxu eng d
020 _a9788190598606
040 _aMa-Un
082 0 4 _a503
100 1 _aArora., Girish.
_937949
245 1 0 _aDictionary of science /
_cGirish Arora.
250 _b2nd ed.
260 _aNew Delhi:
_bAlden Books
_c2013.
300 _a643 p. ;
_c22 cm.
650 0 _aScience
_94843
_vDictionaries
942 _2ddc
_cBOOK
999 _c31344
_d265844